<La> jubilació voluntària en els funcionaris docents acollits al règim de classes passives de l'Estat (Record no. 22203)

MARC details
000 -LEADER
campo de control de longitud fija 01139nam a2200325Ia 4500
001 - NÚMERO DE CONTROL
campo de control 031385
008 - DATOS DE LONGITUD FIJA--INFORMACIÓN GENERAL
campo de control de longitud fija 221003m2011 xx 000 0 cat d
035 ## - NÚMERO DE CONTROL DEL SISTEMA
Número de control de sistema CENDO_22204
041 ## - CÓDIGO DE IDIOMA
Código de lengua del texto/banda sonora o título independiente cat
100 ## - ENTRADA PRINCIPAL--NOMBRE DE PERSONA
Nombre de persona CASTILLEJO, Luis
9 (RLIN) 20352
245 #0 - MENCIÓN DEL TÍTULO
Título <La> jubilació voluntària en els funcionaris docents acollits al règim de classes passives de l'Estat
260 ## - PUBLICACIÓN, DISTRIBUCIÓN, ETC.
Lugar de publicación, distribución, etc. Mallorca :
Nombre del editor, distribuidor, etc. Federació d'Ensenyament de CCOO-Illes,
Fecha de publicación, distribución, etc. 2011
300 ## - DESCRIPCIÓN FÍSICA
Extensión 2 p. ;
Dimensiones 30 cm
500 ## - NOTA GENERAL
Nota general En: T.E. : Apunts, n. 328 (diciembre 2011), p. 3-4
650 ## - PUNTO DE ACCESO ADICIONAL DE MATERIA--TÉRMINO DE MATERIA
Término de materia o nombre geográfico como elemento de entrada JUBILACION
9 (RLIN) 1014
650 ## - PUNTO DE ACCESO ADICIONAL DE MATERIA--TÉRMINO DE MATERIA
Término de materia o nombre geográfico como elemento de entrada REGIMEN DE PENSIONES
9 (RLIN) 347
650 #0 - PUNTO DE ACCESO ADICIONAL DE MATERIA--TÉRMINO DE MATERIA
Término de materia o nombre geográfico como elemento de entrada PERSONAL DOCENTE
9 (RLIN) 5294
650 ## - PUNTO DE ACCESO ADICIONAL DE MATERIA--TÉRMINO DE MATERIA
Término de materia o nombre geográfico como elemento de entrada SISTEMA EDUCATIVO
9 (RLIN) 915
650 ## - PUNTO DE ACCESO ADICIONAL DE MATERIA--TÉRMINO DE MATERIA
Término de materia o nombre geográfico como elemento de entrada ENSEÑANZA PUBLICA
9 (RLIN) 4635
710 ## - ENTRADA AGREGADA--NOMBRE DE ENTIDAD CORPORATIVA
Nombre de entidad corporativa o nombre de jurisdicción como elemento de entrada CCOO
Unidad subordinada Federación de Enseñanza
-- Federación de Illes Balears
9 (RLIN) 20288
856 ## - LOCALIZACIÓN Y ACCESO ELECTRÓNICOS
Nota pública PDF
Identificador Uniforme de Recursos <a href="http://docpublicos.ccoo.es/cendoc/031385JubilacioVoluntariaFuncionaris.pdf">http://docpublicos.ccoo.es/cendoc/031385JubilacioVoluntariaFuncionaris.pdf</a>
901 ## - ELEMENTOS DE DATOS A LOCAL LDA (RLIN)
a 1
903 ## - ELEMENTOS DE DATOS C LOCAL, LDC (RLIN)
a NO
904 ## - ELEMENTOS DE DATOS D LOCAL, LDD (RLIN)
a 000
907 ## - ELEMENTOS DE DATOS G LOCAL, LDG (RLIN)
a Pensiones y jubilación
953 ## -
-- 2011-12-28
-- DOCU_ELEC
-- T.E. : Apunts, n. 328 (diciembre 2011), p. 3-4
-- PS06
910 ## - DATOS DE OPCIÓN DEL USUARIO (OCLC)
Datos de opción del usuario 2011
942 ## - ELEMENTOS DE ENTRADA SECUNDARIOS (KOHA)
Tipo de ítem Koha Documento Electrónico
Holdings
Estatus retirado Estado de pérdida Estado de daño No para préstamo Biblioteca de origen Biblioteca actual Fecha de adquisición Enumeración/cronología de publicación seriada Total de préstamos Código de barras Visto por última vez Copia número Precio de reemplazo Tipo de ítem Koha
        CENDO CENDO 28/12/2011 T.E. : Apunts, n. 328 (diciembre 2011), p. 3-4   CENDO_22204 05/10/2022 PS06 05/10/2022 Documento Electrónico